000 00512nam a2200193Ia 4500
003 GCL
008 140319s9999 xx 000 0 aRus d
040 _aGCL /
_cGCL
082 0 4 _a863
_bV S
100 1 _aVALLE-INCLAN, RAMON DEL
245 1 0 _aSONATA DE PRIMA VERA SONATA DE ESTIO /
_cVALLE-INCLAN, RAMON DEL
260 _a[S.N] :
_bESPASA - CALPE ،
_c1995
300 _a179
650 0 4 _aLITERATURE
650 0 4 _aFICTION
650 0 4 _aSPANISH LITERATURE
650 0 4 _aSPANISH FICTION
942 _2ddc
_cBK
999 _c12853
_d12853